Pokemon Unscramble - Generation 1 - Statistics

General Stats
  • This quiz has been taken 9 times
  • The average score is 44 of 150
Answer Stats
Hint Answer % Correct
edwggon dewgong
67%
ottid ditto
67%
lemgo golem
67%
ffggiljpu jigglypuff
67%
otubak kabuto
67%
splara lapras
67%
grmaam magmar
67%
ewm mew
67%
wmewto mewtwo
67%
mer.mmi mr. mime
67%
noxi onix
67%
aarattt rattata
67%
bvolrto voltorb
67%
aabr abra
50%
cmanhradre charmander
50%
lefiaycr clefairy
50%
eeeev eevee
50%
negrag gengar
50%
nyxj jynx
50%
khangaskkan kangaskhan
50%
owmeth meowth
50%
araps paras
50%
lrihwilop poliwhirl
50%
ndaslhas sandslash
50%
lese seel
50%
qrutslei squirtle
50%
aaaaklmz alakazam
33%
borka arbok
33%
nrictaou articuno
33%
lleprubost bellsprout
33%
osaeslbit blastoise
33%
bsbrlaauu bulbasaur
33%
romcehenla charmeleon
33%
clafeble clefable
33%
dirodo dodrio
33%
duodo doduo
33%
snake ekans
33%
leztabzuce electabuzz
33%
flnraeo flareon
33%
lystga gastly
33%
dedogue geodude
33%
molog gloom
33%
aesroh horsea
33%
israuvy ivysaur
33%
tlenojo jolteon
33%
abktsuop kabutops
33%
bkdraaa kadabra
33%
gniffok koffing
33%
ilcikngtu lickitung
33%
gkrpaima magikarp
33%
mngetamie magnemite
33%
negtamog magneton
33%
yeknam mankey
33%
sltmroe moltres
33%
kmu muk
33%
nikgidon nidoking
33%
eeundiqon nidoqueen
33%
oidnarin nidorina
33%
oidnorin nidorino
33%
etynamo omanyte
33%
arapscet parasect
33%
ieptdog pidgeot
33%
uhpkica pikachu
33%
npiisr pinsir
33%
gawilop poliwag
33%
ntaopy ponyta
33%
pyrgnon porygon
33%
ukcsydp psyduck
33%
rhnoyd rhydon
33%
nvoonepar vaporeon
33%
esnavuru venusaur
33%
trwertoal wartortle
33%
gfgfuyltwi wigglytuff
33%
psazod zapdos
33%
tycdlaorea aerodactyl
17%
nicraane arcanine
17%
dleblrei beedrill
17%
rteufebrte butterfree
17%
artpciee caterpie
17%
yesnahc chansey
17%
rzcdaaihr charizard
17%
yrlcesot cloyster
17%
nboceu cubone
17%
etltigd diglett
17%
gndraaori dragonair
17%
ntdgraeio dragonite
17%
dnrtaii dratini
17%
dezower drowzee
17%
oudgitr dugtrio
17%
rceedleot electrode
17%
eggextuce exeggcute
17%
ggrtxeeou exeggutor
17%
tcheff'dra farfetch'd
17%
awfreo fearow
17%
tablog golbat
17%
oegnled goldeen
17%
dolguck golduck
17%
relvearg graveler
17%
migrer grimer
17%
htligowre growlithe
17%
sodarayg gyarados
17%
retnuah haunter
17%
chanhitnom hitmonchan
17%
eelnomtih hitmonlee
17%
nyhop hypno
17%
kaaknu kakuna
17%
gklnrei kingler
17%
aykbrb krabby
17%
aachmmp machamp
17%
acehkmo machoke
17%
chpmoa machop
17%
kmraowa marowak
17%
epmdtoa metapod
17%
oidnnar nidoran
17%
letsainne ninetales
17%
ddisho oddish
17%
mtoraas omastar
17%
niasper persian
17%
ogdotipte pidgeotto
17%
dyipeg pidgey
17%
htarwilop poliwrath
17%
eapipmre primeape
17%
ihcrua raichu
17%
rapidhsa rapidash
17%
ieartcta raticate
17%
nyhronh rhyhorn
17%
rwsehndsa sandshrew
17%
rthycse scyther
17%
sderaa seadra
17%
ngikase seaking
17%
dleleshr shellder
17%
bwlsroo slowbro
17%
ekopwols slowpoke
17%
xalrons snorlax
17%
oepwasr spearow
17%
emstari starmie
17%
trusya staryu
17%
glaetna tangela
17%
rostau tauros
17%
clnttaeoo tentacool
17%
leurcatnet tentacruel
17%
vohmeton venomoth
17%
neovtan venonat
17%
eeebvicltr victreebel
17%
eplmuvile vileplume
17%
xupivl vulpix
17%
eewdel weedle
17%
beeeillnpw weepinbell
17%
eiwgenz weezing
17%
tabuz zubat
17%
No matching quizzes found
Score Distribution
Percent of People with Each Score
Percentile by Number Answered
Your Score History
You have not taken this quiz